[Event "Imperia op-A 50th"]
[Site "Imperia"]
[Date "2008.09.03"]
[Round "4"]
[White "Cugini, Verter"]
[Black "Ricca, Giorgio"]
[Result "1-0"]
[WhiteElo "2167"]
[BlackElo "2065"]
[PlyCount "103"]
[EventDate "2008.08.31"]
[EventType "swiss"]
[EventRounds "9"]
[EventCountry "ITA"]
[SourceTitle "MCD"]
[Source "ChessBase"]
[SourceDate "1999.07.01"]
[SourceVersion "1"]
[SourceVersionDate "1999.07.01"]
[SourceQuality "1"]

1. e4 e5 2. Nf3 Nf6 3. Nxe5 d6 4. Nf3 Nxe4 5. d4 d5 6. Bd3 Be7 7. 0-0 Nc6 8. Bf4 Bg4 9. c3 0-0 10. Re1 f5 11. h3 Bh5 12. Nbd2 Bh4 13. Rf1 Kh8 14. Qc2 Be7 15. Ne5 Bd6 16. f3 Nxd2 17. Qxd2 Nxe5 18. dxe5 Bc5+ 19. Kh1 Qh4 20. Kh2 h6 21. Bg3 Qe7 22. f4 Be8 23. Bf2 Rd8 24. Rad1 a6 25. Bxc5 Qxc5 26. Qf2 Qe7 27. Be2 Bb5 28. Rfe1 Bxe2 29. Rxe2 c6 30. Red2 Qe6 31. Qb6 g5 32. g3 gxf4 33. gxf4 Rd7 34. Rg1 Rg8 35. Rxg8+ Kxg8 36. Rg2+ Kh7 37. Qc5 Rg7 38. Qf8 Rxg2+ 39. Kxg2 Qg6+ 40. Kf2 Qh5 41. Qe7+ Kh8 42. Qd8+ Kh7 43. Qd7+ Kg8 44. Qc8+ Kg7 45. Qxb7+ Kg8 46. Qxc6 Qh4+ 47. Kg2 Qxf4 48. Qxd5+ Kg7 49. Qd4 Qc1 50. Qa7+ Kg6 51. Qxa6+ Kg5 52. Qe2 1-0

[Event "Imperia op-A 50th"]
[Site "Imperia"]
[Date "2008.09.03"]
[Round "5"]
[White "Ricca, Giorgio"]
[Black "Blasco, Domenico"]
[Result "0-1"]
[WhiteElo "2065"]
[BlackElo "2015"]
[PlyCount "72"]
[EventDate "2008.08.31"]
[EventType "swiss"]
[EventRounds "9"]
[EventCountry "ITA"]
[SourceTitle "MCD"]
[Source "ChessBase"]
[SourceDate "1999.07.01"]
[SourceVersion "1"]
[SourceVersionDate "1999.07.01"]
[SourceQuality "1"]

1. e4 g6 2. d4 Bg7 3. Nc3 d6 4. Be3 a6 5. Qd2 b5 6. f3 Nd7 7. 0-0-0 Bb7 8. h4 h5 9. a3 c5 10. Kb1 Rc8 11. g4 hxg4 12. fxg4 Ngf6 13. Qg2 b4 14. axb4 cxb4 15. Nd5 Nxd5 16. exd5 Qa5 17. b3 Bxd5 18. Nf3 Nc5 19. Bd3 Nxd3 20. Rxd3 Be4 21. Qe2 Bxd3 22. Qxd3 Rc3 23. Qe4 d5 24. Qf4 Qc7 25. Ne5 Bxe5 26. dxe5 Rxc2 27. Rf1 0-0 28. Bd2 Rxd2 29. Qxd2 Qxe5 30. Re1 Qg3 31. Re3 Qxg4 32. Qh2 Qd1+ 33. Ka2 Rc8 34. Re2 Rc1 35. Qb8+ Kh7 36. Qe5 Rc2+ 0-1

[Event "Olomouc op"]
[Site "Olomouc"]
[Date "2008.08.04"]
[Round "6"]
[White "Schmid, Thomas1111"]
[Black "Ricca, Giorgio"]
[Result "1/2-1/2"]
[WhiteElo "2173"]
[BlackElo "2065"]
[PlyCount "61"]
[EventDate "2008.07.31"]
[EventType "swiss"]
[EventRounds "9"]
[EventCountry "CZE"]
[SourceTitle "CBM 125 Extra"]
[Source "ChessBase"]
[SourceDate "2008.09.01"]
[SourceVersion "1"]
[SourceVersionDate "2008.09.01"]
[SourceQuality "1"]

1. e4 e5 2. Nf3 Nf6 3. Nxe5 d6 4. Nf3 Nxe4 5. d4 d5 6. Bd3 Be7 7. 0-0 Nc6 8. c4 Nb4 9. Be2 0-0 10. Nc3 c5 11. cxd5 Nxc3 12. bxc3 Nxd5 13. Qb3 cxd4 14. Nxd4 Qa5 15. Bd2 Bf6 16. Rfd1 Qc5 17. Bf3 Rd8 18. Rab1 b6 19. Be1 Ba6 20. Nb5 Bxb5 21. Rxd5 Rxd5 22. Bxd5 Bc6 23. Bxf7+ Kh8 24. Qc4 Qd6 25. Qg4 Rf8 26. Qh5 Be5 27. Bb3 Be8 28. Qh3 Bd7 29. Qh5 Be8 30. Qh3 Bd7 31. Qh5 1/2-1/2

[Event "Olomouc op"]
[Site "Olomouc"]
[Date "2008.08.03"]
[Round "4"]
[White "Vrana, Jan"]
[Black "Ricca, Giorgio"]
[Result "1-0"]
[WhiteElo "2234"]
[BlackElo "2065"]
[PlyCount "85"]
[EventDate "2008.07.31"]
[EventType "swiss"]
[EventRounds "9"]
[EventCountry "CZE"]
[SourceTitle "CBM 125 Extra"]
[Source "ChessBase"]
[SourceDate "2008.09.01"]
[SourceVersion "1"]
[SourceVersionDate "2008.09.01"]
[SourceQuality "1"]

1. e4 e5 2. f4 Qh4+ 3. g3 Qe7 4. d3 d5 5. Nc3 dxe4 6. dxe4 Nf6 7. f5 Nc6 8. Be3 Qb4 9. a3 Qd6 10. Nf3 a6 11. Bc4 Qxd1+ 12. Rxd1 Bd6 13. h3 b5 14. Bd3 Bb7 15. 0-0 Ne7 16. g4 h6 17. Bf2 Nd7 18. Ne2 h5 19. Be3 Nc5 20. Nc3 hxg4 21. hxg4 f6 22. Kg2 0-0-0 23. Rh1 g5 24. Rxh8 Rxh8 25. b4 Nxd3 26. cxd3 Nc6 27. Nd5 Rh6 28. Rh1 Rxh1 29. Kxh1 Be7 30. Kg2 Kd7 31. Nxe7 Kxe7 32. Kf2 Nb8 33. Bc5+ Kf7 34. Ke3 Nd7 35. d4 Bc6 36. Ba7 Ke7 37. Kd3 Kd6 38. Bc5+ Nxc5+ 39. bxc5+ Ke7 40. dxe5 b4 41. exf6+ Kxf6 42. axb4 Bb5+ 43. Ke3 1-0

[Event "Imperia Corallo op-A 2nd"]
[Site "Imperia"]
[Date "2007.11.17"]
[Round "2"]
[White "Ricca, Giorgio"]
[Black "Van Hoolandt, Patrick"]
[Result "0-1"]
[WhiteElo "2030"]
[BlackElo "2245"]
[PlyCount "44"]
[EventDate "2007.11.16"]
[EventType "swiss"]
[EventRounds "5"]
[EventCountry "ITA"]
[SourceTitle "EXT 2010"]
[Source "ChessBase"]
[SourceDate "2010.11.25"]
[SourceVersion "1"]
[SourceVersionDate "2010.11.25"]
[SourceQuality "1"]

1. e4 e5 2. f4 exf4 3. Nf3 g5 4. h4 g4 5. Ne5 d6 6. Nxg4 Nf6 7. Nxf6+ Qxf6 8. Nc3 Nc6 9. Bb5 Kd8 10. Bxc6 bxc6 11. Qf3 Rg8 12. d3 Bh6 13. Ne2 Bg4 14. Qf2 Bxe2 15. Kxe2 Kd7 16. Rh3 Rg4 17. c3 Rag8 18. Rh2 Qe5 19. Kf1 f3 20. gxf3 Rg1+ 21. Qxg1 Rxg1+ 22. Kxg1 Qg3+ 0-1

[Event "Olomouc op"]
[Site "Olomouc"]
[Date "2007.08.03"]
[Round "2"]
[White "Netzer, Jean"]
[Black "Ricca, Giorgio"]
[Result "1-0"]
[WhiteElo "2383"]
[BlackElo "2053"]
[PlyCount "53"]
[EventDate "2007.08.02"]
[EventType "swiss"]
[EventRounds "9"]
[EventCountry "CZE"]
[SourceTitle "CBM 119 Extra"]
[Source "ChessBase"]
[SourceDate "2007.09.04"]
[SourceVersion "1"]
[SourceVersionDate "2007.09.04"]
[SourceQuality "1"]

1. c4 e5 2. a3 Nc6 3. Nc3 d6 4. d3 g6 5. g3 Bg7 6. Bg2 Nge7 7. e3 0-0 8. Nge2 f5 9. 0-0 Be6 10. Nd5 Bf7 11. Nec3 Qd7 12. Qa4 Nxd5 13. Nxd5 Rfe8 14. Bd2 a6 15. Rac1 Rad8 16. Qc2 Ne7 17. b4 c6 18. Nxe7+ Rxe7 19. e4 h6 20. Be3 Rde8 21. Rfd1 Qc7 22. Qd2 Kh7 23. a4 Be6 24. a5 Rd7 25. b5 Qd8 26. bxc6 bxc6 27. exf5 1-0

[Event "Imperia Corallo op-A 1st"]
[Site "Imperia"]
[Date "2006.11.25"]
[Round "3"]
[White "De Santis, Alessio"]
[Black "Ricca, Giorgio"]
[Result "1-0"]
[WhiteElo "2337"]
[BlackElo "2052"]
[PlyCount "55"]
[EventDate "2006.11.24"]
[EventType "swiss"]
[EventRounds "5"]
[EventCountry "ITA"]
[SourceTitle "EXT 2024"]
[Source "ChessBase"]
[SourceDate "2023.10.10"]
[SourceVersion "1"]
[SourceVersionDate "2023.10.10"]
[SourceQuality "1"]

1. d4 d5 2. c4 dxc4 3. e4 Nf6 4. e5 Nd5 5. Bxc4 Nb6 6. Bb3 Bf5 7. Nc3 Nc6 8. Nge2 e6 9. Be3 Nb4 10. 0-0 c6 11. Nf4 h6 12. a3 N4d5 13. Nfxd5 Nxd5 14. Nxd5 exd5 15. Bc2 Bxc2 16. Qxc2 Be7 17. f4 Qd7 18. f5 0-0-0 19. Rae1 Qc7 20. b4 a5 21. bxa5 Qxa5 22. a4 c5 23. Rb1 Qc7 24. Rb5 cxd4 25. Qxc7+ Kxc7 26. Bxd4 Ra8 27. Rfb1 Rhc8 28. a5 1-0

[Event "Imperia Corallo op-A 1st"]
[Site "Imperia"]
[Date "2006.11.24"]
[Round "1"]
[White "Salerno, Luciano"]
[Black "Ricca, Giorgio"]
[Result "0-1"]
[WhiteElo "1676"]
[BlackElo "2052"]
[PlyCount "58"]
[EventDate "2006.11.24"]
[EventType "swiss"]
[EventRounds "5"]
[EventCountry "ITA"]
[SourceTitle "EXT 2024"]
[Source "ChessBase"]
[SourceDate "2023.10.10"]
[SourceVersion "1"]
[SourceVersionDate "2023.10.10"]
[SourceQuality "1"]

1. d4 d5 2. c4 dxc4 3. Nf3 Nf6 4. e3 e6 5. Bxc4 c5 6. 0-0 a6 7. a4 Nc6 8. Nc3 Qc7 9. Qe2 cxd4 10. exd4 Be7 11. Be3 0-0 12. Rfe1 Nb4 13. Ne5 Bd6 14. Bf4 Bd7 15. Rad1 Rac8 16. Bb3 Rfe8 17. g4 Nbd5 18. Bd2 Bc6 19. f4 Qb6 20. Nc4 Nxc3 21. bxc3 Qxb3 22. Nxd6 Qd5 23. Nxe8 Qh1+ 24. Kf2 Qg2+ 25. Ke3 Nxg4+ 26. Kd3 Nf2+ 27. Ke3 Nxd1+ 28. Rxd1 Qh3+ 29. Kf2 Qxh2+ 0-1

[Event "Bratto op 26th"]
[Site "Bratto"]
[Date "2006.08.25"]
[Round "7"]
[White "Ricca, Giorgio"]
[Black "Buratti, Marco"]
[Result "1-0"]
[WhiteElo "2078"]
[BlackElo "2018"]
[PlyCount "99"]
[EventDate "2006.08.19"]
[EventType "swiss"]
[EventRounds "9"]
[EventCountry "ITA"]
[SourceTitle "CBM 113 Extra"]
[Source "ChessBase"]
[SourceDate "2006.09.14"]
[SourceVersion "1"]
[SourceVersionDate "2006.09.14"]
[SourceQuality "1"]

1. e4 e5 2. f4 Qh4+ 3. g3 Qe7 4. fxe5 d6 5. Nf3 dxe5 6. Nc3 Nf6 7. Bg2 Bg4 8. d3 Nc6 9. Be3 0-0-0 10. h3 Bxf3 11. Qxf3 Nd4 12. Qf2 Qb4 13. Rb1 Be7 14. 0-0 c6 15. a3 Qa5 16. Ra1 h5 17. b4 Qa6 18. Rfb1 h4 19. g4 Rd7 20. a4 Ne8 21. g5 Bd8 22. b5 Qa5 23. bxc6 bxc6 24. Nd1 Nd6 25. Rb2 f6 26. c3 Ne6 27. gxf6 gxf6 28. Bf3 Nf4 29. Bxf4 exf4 30. Bg4 f5 31. exf5 Rg7 32. f6+ Rxg4+ 33. hxg4 Bb6 34. d4 Qd5 35. Qxf4 h3 36. Ne3 Qe4 37. Qxe4 Nxe4 38. Nf5 Nxf6 39. g5 Nh5 40. g6 Kd7 41. Re1 Rg8 42. g7 c5 43. d5 c4+ 44. Kh2 Bc5 45. Rb7+ Kc8 46. Rf7 Kd8 47. d6 Nxg7 48. Rxg7 Bxd6+ 49. Kxh3 Rh8+ 50. Kg4 1-0

[Event "Bratto op 26th"]
[Site "Bratto"]
[Date "2006.08.20"]
[Round "2"]
[White "Djabri, Katherine"]
[Black "Ricca, Giorgio"]
[Result "1-0"]
[WhiteElo "2009"]
[BlackElo "2078"]
[PlyCount "144"]
[EventDate "2006.08.19"]
[EventType "swiss"]
[EventRounds "9"]
[EventCountry "ITA"]
[SourceTitle "CBM 113 Extra"]
[Source "ChessBase"]
[SourceDate "2006.09.14"]
[SourceVersion "1"]
[SourceVersionDate "2006.09.14"]
[SourceQuality "1"]

1. e4 e5 2. Nf3 Nf6 3. Nc3 Nc6 4. Bb5 Nd4 5. Ba4 Nxf3+ 6. Qxf3 c6 7. 0-0 Bc5 8. d3 d6 9. h3 Be6 10. Bb3 Qe7 11. Na4 Bb4 12. Be3 Ba5 13. Rfd1 0-0 14. Nc3 Rad8 15. Ne2 d5 16. Ng3 Ne8 17. Qh5 Bc7 18. Rf1 g6 19. Qe2 f5 20. exf5 gxf5 21. f4 e4 22. Qf2 b6 23. Rae1 c5 24. Bc1 b5 25. c3 c4 26. dxc4 dxc4 27. Bc2 Bb6 28. Be3 Bxe3 29. Qxe3 Nf6 30. Ne2 h5 31. Nd4 Rd5 32. Qg3+ Kh7 33. Qh4 Rf7 34. Bd1 Kh8 35. Re3 Rg7 36. Rg3 Rxg3 37. Qxg3 Bf7 38. Qe3 Qd7 39. Bc2 Ng8 40. Re1 Qd6 41. Kf2 h4 42. Rg1 Ne7 43. g4 hxg3+ 44. Qxg3 Qf6 45. Qg5 Qxg5 46. Rxg5 Kh7 47. Ke3 Bg6 48. h4 Kh6 49. Bd1 Rd6 50. Kf2 b4 51. Be2 bxc3 52. bxc3 e3+ 53. Kxe3 Nd5+ 54. Kd2 Nxf4 55. Bxc4 Nh3 56. Rg3 Nf2 57. Rf3 Ne4+ 58. Kc2 Rf6 59. Bd3 f4 60. Ne2 Rc6 61. Rxf4 Nf6 62. Bxg6 Kxg6 63. Ra4 a6 64. Ra5 Ne4 65. Re5 Nd6 66. Nd4 Rb6 67. Re6+ Kf7 68. h5 Nc4 69. Rxb6 Nxb6 70. Kb3 a5 71. c4 Kg7 72. c5 Nc8 1-0

[Event "ITA-ch U16"]
[Site "San Nicola Arcella"]
[Date "2004.07.05"]
[Round "3"]
[White "Vocaturo, Daniele"]
[Black "Ricca, Giorgio"]
[Result "1-0"]
[WhiteElo "2221"]
[BlackElo "1793"]
[PlyCount "37"]
[EventDate "2004.07.04"]
[EventType "swiss"]
[EventRounds "7"]
[EventCountry "ITA"]
[SourceTitle "EXT 2024"]
[Source "ChessBase"]
[SourceDate "2023.10.10"]
[SourceVersion "1"]
[SourceVersionDate "2023.10.10"]
[SourceQuality "1"]

1. e4 e5 2. Nf3 Nf6 3. d4 Nxe4 4. Bd3 d5 5. Nxe5 Bd6 6. Nc3 Bxe5 7. dxe5 Nxc3 8. bxc3 Nc6 9. 0-0 Ne7 10. Rb1 b6 11. Bg5 c6 12. Re1 Qc7 13. Qh5 h6 14. e6 0-0 15. Bxh6 Bxe6 16. Bf4 g6 17. Qh4 Qd8 18. Be5 f5 19. Bf6 1-0